Daňové orgány a daňovník

Salvato in:
Dettagli Bibliografici
Autore principale: Borodovčák, Michal
Altri autori: Petrenka, Ján
Natura: Libro
Lingua:slovacco
Pubblicazione: Bratislava Elita 1992
Edizione:1. vyd.
Soggetti:
Tags: Aggiungi Tag
Nessun Tag, puoi essere il primo ad aggiungerne!!

MARC

LEADER 00000nam a2200000 4500
001 c001133
005 20221214085431.2
020 |a 80-85323-18-4 
041 0 |a slo 
044 |a SK 
245 1 0 |a Daňové orgány a daňovník  |c Michal Borodovčák, Ján Petrenka 
250 |a 1. vyd. 
264 1 |a Bratislava  |b Elita  |c 1992 
300 |a 96 s. 
610 2 0 |a politika daňová 
610 2 0 |a štruktúra organizačná 
610 2 0 |a Slovensko 
610 2 0 |a legislatíva 
610 2 0 |a dotácie 
610 2 0 |a poplatky 
610 2 0 |a hry hazardné 
610 2 0 |a priznania daňové 
610 2 0 |a účtovníctvo 
610 2 0 |a dane 
610 2 0 |a kontrola štátna 
610 2 0 |a orgány štátne 
100 1 |a Borodovčák, Michal 
700 1 |a Petrenka, Ján